| 000 | 00828nam a22002051a 4500 | ||
|---|---|---|---|
| 003 | OSt | ||
| 005 | 20150408114030.0 | ||
| 008 | 120508s2009 jo a g b 00| 0 ara d | ||
| 020 | _a9789957122911 | ||
| 040 | _aعمادة شؤون المكتبات في جامعة المجمعة | ||
| 082 | 0 | 4 |
_221 _a658.302 _b658.302 ت ا ب |
| 100 | 1 |
_aالعلاق، بشير _93109 |
|
| 245 | 1 | 0 |
_aتنمية المهارات الإشرافية والقيادية / _cبشير العلاق. |
| 260 |
_aعمان، الأردن : _bدار اليازوري العلمية للنشر والتوزيع، _c2009 |
||
| 300 |
_a263 ص. : _bجداول ؛ _c24 سم. |
||
| 504 | _aببليوجرافية : ص. 263. | ||
| 650 |
_2aucsh _aالإشراف الإداري _912716 |
||
| 650 |
_2aucsh _aالقيادة الإدارية |
||
| 942 |
_2ddc _cBOOK |
||
| 999 |
_c22762 _d257262 |
||